Código Civil y Comercial comentado : Tratado exegético, Arts. 724 a 956. Tomo IV /
Guardado en:
| Autores Principales: | , |
|---|---|
| Otros Autores: | |
| Formato: | Libro |
| Idioma: | Spanish |
| Publicado: |
Buenos Aires :
La Ley,
2015
|
| Edición: | 1a. ed. |
| Etiquetas: |
Agregar Etiqueta
Sin Etiquetas, Sea el primero en etiquetar este registro!
|
| LEADER | 00771nam a22002055a 4500 | ||
|---|---|---|---|
| 001 | DER.der013064 | ||
| 008 | 180615s2015####ag#||||||||||||||#||spa|| | ||
| 005 | 20231113084821.0 | ||
| 245 | 1 | 0 | |a Código Civil y Comercial comentado : |b Tratado exegético, |c Argentina. |p Arts. 724 a 956. |n Tomo IV / |
| 250 | |a 1a. ed. | ||
| 260 | |a Buenos Aires : |b La Ley, |c 2015 | ||
| 300 | |a 641 p. | ||
| 500 | |a Arts. 724 a 864 Félix A. Trigo Represas. Arts. 865 a 956 Rubén H. Compagnucci de Caso. | ||
| 020 | |a 978-987-03-2919-0 | ||
| 240 | 1 | 0 | |a Código |
| 700 | 1 | |a Alterini, Jorge Horacio, |e dir. | |
| 700 | 1 | |a Alterini, Ignacio E., |e coord. | |
| 700 | 1 | |a Trigo Represas, Félix A., |e aut. | |
| 700 | 1 | |a Compagnucci de Caso, Rubén H., |e aut. | |
| 859 | |a DERECHO |b BIB. DERECHO |h 348.023 |i ARG |p 007966 |3 Tomo IV | ||
